00614nam a2200109Ia 4500008004100000245003500041300025400076650001600330856006700346999001900413952007200432170517s9999 xx 000 0 und d 4aThe Boy Who Can Never Grow Old aStuart Wickison has a rare genetic disorder; Duchenne Muscular Dystrophy. The average life-expectancy with this condition is in the early twenties, Stuart is nineteen. But, its now he's embarking on one of the most important journeys of his life.... xTechnology. uhttp://topdocumentaryfilms.com/the-boy-who-can-never-grow-old/ c335099d335099 001040aCLbCLd2017-05-17l0r2017-05-17 00:00:00w2017-05-17yDF